Loca - Khea, Duki, Cazzu - Estadísticas

Estadísticas generales
  • Esta prueba ha sido intentada 45 veces
  • La puntuación promedio es 552 de 618
Estadísticas de respuestas
Letra % Correcto
a
100%
al
100%
con
100%
Con
100%
conmigo
100%
Di
100%
dice
100%
en
100%
En
100%
Es
100%
es
100%
hoy
100%
la
100%
Lo
100%
lo
100%
loca
100%
100%
manda
100%
Me
100%
me
100%
100%
mi
100%
mientras
100%
no
100%
No
100%
Pa
100%
pa
100%
puede
100%
que
100%
Que
100%
qué
100%
quiere
100%
se
100%
100%
Se
100%
si
100%
Si
100%
Snap
100%
su
100%
to
100%
toca
100%
un
100%
una
100%
Una
100%
vídeo
100%
video
100%
Y
100%
y
100%
buscar
92%
de
92%
De
92%
él
92%
espera
92%
esperar
92%
labio
92%
le
92%
moja
92%
muere
92%
pastillita
92%
por
92%
Te
92%
te
92%
Va
92%
va
92%
vaya
92%
yeah
92%
yo
92%
Yo
92%
boca
83%
cama
83%
cuello
83%
del
83%
dentro
83%
ella
83%
enseñé
83%
esa
83%
esto
83%
Jäger
83%
les
83%
llame
83%
llego
83%
mal
83%
mira
83%
otra
83%
pasa
83%
puso
83%
quiero
83%
sale
83%
sean
83%
sei
83%
sex
83%
shot
83%
sus
83%
toco
83%
Ya
83%
agarre
75%
ah
75%
bien
75%
culo
75%
cura
75%
Dámelo
75%
dueña
75%
esas
75%
hago
75%
iniciales
75%
lugar
75%
males
75%
más
75%
mis
75%
mita
75%
mojar
75%
mover
75%
Págame
75%
págame
75%
para
75%
pide
75%
preguntan
75%
Prende
75%
pueda
75%
quién
75%
quieres
75%
respirar
75%
Sabe
75%
Tengo
75%
termina
75%
todas
75%
Todos
75%
todos
75%
tomé
75%
Tomó
75%
75%
tumbármelo
75%
vamo
75%
ver
75%
viernes
75%
aguantar
67%
ahora
67%
atraganta
67%
atrás
67%
baby
67%
bebé
67%
beso
67%
Creo
67%
cuando
67%
doctorado
67%
dónde
67%
Duki
67%
eh
67%
enamoré
67%
está
67%
esta
67%
este
67%
Estoy
67%
estoy
67%
fumárselo
67%
hacer
67%
hay
67%
igual
67%
jode
67%
Mami
67%
marqué
67%
matar
67%
mejor
67%
merece
67%
Möet
67%
moré
67%
mueve
67%
Nena
67%
Ni
67%
noche
67%
oe
67%
pare
67%
pasar
67%
pego
67%
Pidiéndome
67%
podamo
67%
poder
67%
puta
67%
sacó
67%
salió
67%
siempre
67%
solo
67%
viene
67%
voy
67%
ate
58%
avisó
58%
bajo
58%
Cazzu
58%
Entre
58%
fuego
58%
tira
58%
enloquece
50%
líneas
50%
bitches
42%
na
42%
trucos
42%
comer
33%
hacerte
33%
volver
33%
saberlo
17%
quede
8%
No se encontraron pruebas coincidentes
Distribución de puntuación
Porcentaje de gente con cada puntuación
Porcentaje por número respondido
Historial de tus puntuaciones
No has intentado esta prueba.